Pla d'objectius de la Diputació de Barcelona : 1992-1995 1992-1995
ISBN:
84-7794-216-1
Descripción Física:
39 p. ; 30 cm
MARC
| LEADER | 00000nam a2200000Ia 4500 | ||
|---|---|---|---|
| 001 | 10682 | ||
| 008 | 160829s1993 xx 000 0 cat d | ||
| 020 | |a 84-7794-216-1 | ||
| 080 | |a FU-26-18 | ||
| 110 | 1 | |a Barcelona (Catalunya : Província). |b Diputació |9 52408 | |
| 245 | |a Pla d'objectius de la Diputació de Barcelona : |b 1992-1995 | ||
| 260 | |a [Barcelona] : |b Diputació de Barcelona, |c 1993 | ||
| 300 | |a 39 p. ; |c 30 cm | ||
| 590 | |a Hi ha un esborrany a Arxiu | ||
| 650 | |a Barcelona. Diputació |x Planificació |x 1992/1995 |9 38773 | ||
| 901 | |a Arxiu | ||
| 942 | |n 1 | ||
| 952 | |0 0 |1 0 |4 0 |6 FU2618 |7 1 |9 48590 |a Arxiu |b Arxiu |d 2016-12-01 |l 0 |o FU-26-18 |p 10682 |r 2016-12-01 00:00:00 |w 2016-12-01 |y ARXIU | ||
| 999 | |c 52420 |d 52420 | ||